000 00894 a2200445 4500
000 BKB
001 069180
005 20200902150229.0
008
010 _a
020 _a
082 _a510
_bG37G
100 1 _aGilbert, John
110 _a
245 1 _aGuide to mathematical methods
_cby John Gilbert and Camilla Jordan
250 _a2nd ed.
260 _aNew York
_bPalgrave Macmillan
_c2007
300 _a419p.
490 _a
_v
500 _a
600 _a
610 _a
611 _a
630 _a
650 _a
651 _a
654 _a
690 _aMathematics - essays
700 _aJordan, Camilla
_b
_c
710 _a
_b
_c
711 _a
720 _a
730 _a
740 _a
752 _a
856 _a
_d
_f
904 _a
964 _a
_bENG
_c
_d
_e
_f
_g
965 _a
999 _c2786
_d2786